00401nam a2200133Ia 4500008004100000020001500041100002800056245002100084250000800105260003500113300000700148952009700155999001500252211105s9999 xx 000 0 und d aVYASA06841 aAkhandananda Saraswathi 0aKalikalka Koutuk a1st bSatsahitya prakashan trustc\N a80 00104070aSVYASAbSVYASAd2010-06-23g8.00l0p14187r2021-11-09 00:00:00w2021-11-09yBKS c9904d9904